[Event "GER-chT North U12"]
[Site "Magdeburg"]
[Date "2012.09.08"]
[Round "5.3"]
[White "Wurst, Benedikt"]
[Black "Sowarka, Niklas"]
[Result "1-0"]
[WhiteElo "922"]
[BlackElo "1033"]
[PlyCount "69"]
[EventDate "2012.09.06"]
[EventType "team-swiss"]
[EventRounds "7"]
[EventCountry "GER"]
[SourceTitle "EXT 2015"]
[Source "ChessBase"]
[SourceDate "2014.11.20"]
[SourceVersion "1"]
[SourceVersionDate "2014.11.20"]
[SourceQuality "1"]
[WhiteTeam "Rostock"]
[BlackTeam "Bremen West"]
[WhiteTeamCountry "GER"]
[BlackTeamCountry "GER"]

1. e4 e5 2. Nf3 Nc6 3. Bb5 d6 4. Nc3 Nf6 5. h3 a6 6. Ba4 b5 7. Bb3 Na5 8. d3 Nxb3 9. axb3 d5 10. Bg5 Be7 11. Bxf6 Bxf6 12. Nxd5 Be6 13. Nxf6+ gxf6 14. 0-0 Rg8 15. Kh1 Qe7 16. Nh2 0-0-0 17. Rxa6 Kd7 18. d4 exd4 19. Qxd4+ Ke8 20. Qe3 Qf8 21. Qe2 Bd7 22. Rd1 Qg7 23. Qf1 Rc8 24. g3 Qh6 25. h4 Qg6 26. Qd3 b4 27. Qxd7+ Kf8 28. Qxc8+ Kg7 29. Rd8 Qxe4+ 30. Kg1 Rxd8 31. Qxd8 Qe1+ 32. Nf1 Qe5 33. Ne3 Kg6 34. Qg8+ Kh6 35. Ng4+ 1-0

[Event "GER-chT North U12"]
[Site "Magdeburg"]
[Date "2012.09.07"]
[Round "3.3"]
[White "Goeths, Carl"]
[Black "Sowarka, Niklas"]
[Result "1-0"]
[WhiteElo "1008"]
[BlackElo "1033"]
[PlyCount "27"]
[EventDate "2012.09.06"]
[EventType "team-swiss"]
[EventRounds "7"]
[EventCountry "GER"]
[SourceTitle "EXT 2015"]
[Source "ChessBase"]
[SourceDate "2014.11.20"]
[SourceVersion "1"]
[SourceVersionDate "2014.11.20"]
[SourceQuality "1"]
[WhiteTeam "Schwerin"]
[BlackTeam "Bremen West"]
[WhiteTeamCountry "GER"]
[BlackTeamCountry "GER"]

1. e4 e5 2. Nf3 Nc6 3. d4 Bd6 4. d5 Nce7 5. Bg5 Nf6 6. Bxf6 gxf6 7. Nc3 c6 8. Bc4 b5 9. Bb3 f5 10. dxc6 Nxc6 11. Qxd6 fxe4 12. Nxe4 Ne7 13. Nfg5 Rf8 14. Nf6# 1-0

[Event "GER-chT North U12"]
[Site "Magdeburg"]
[Date "2012.09.06"]
[Round "1.3"]
[White "Petersen, Marcel"]
[Black "Sowarka, Niklas"]
[Result "1-0"]
[WhiteElo "1402"]
[BlackElo "1033"]
[PlyCount "55"]
[EventDate "2012.09.06"]
[EventType "team-swiss"]
[EventRounds "7"]
[EventCountry "GER"]
[SourceTitle "EXT 2015"]
[Source "ChessBase"]
[SourceDate "2014.11.20"]
[SourceVersion "1"]
[SourceVersionDate "2014.11.20"]
[SourceQuality "1"]
[WhiteTeam "Baumschulenweg"]
[BlackTeam "Bremen West"]
[WhiteTeamCountry "GER"]
[BlackTeamCountry "GER"]

1. e4 e5 2. Nf3 Nc6 3. Bc4 Bc5 4. d3 Nf6 5. Bg5 h6 6. Bh4 d6 7. Nc3 Bg4 8. h3 Bxf3 9. gxf3 Nd4 10. Nd5 g5 11. Bg3 c6 12. c3 cxd5 13. cxd4 exd4 14. Qa4+ Nd7 15. Bxd5 Rb8 16. b4 Bb6 17. Bxd6 Rc8 18. Qb3 Rh7 19. Bc4 Qf6 20. Bg3 Qxf3 21. Rg1 f6 22. Rc1 Rd8 23. Bg8 Rg7 24. Bd6 Qxh3 25. Be6 Qf3 26. Bf7+ Rxf7 27. Qe6+ Re7 28. Qxe7# 1-0